| 000 | 00768nas a2200253 4500 | ||
|---|---|---|---|
| 001 | BR9406202 | ||
| 003 | BR-BrBNA | ||
| 005 | 20231205093641.0 | ||
| 007 | ta | ||
| 008 | 230509b bl.|||p| |||| 00| 00por d | ||
| 040 |
_aBR-BrBNA _bpor _cBiblioteca Nacional de Agricultura |
||
| 041 | _a(Pt) | ||
| 072 | _aP35 | ||
| 100 | 1 | _aCamargo, F.A. de O. | |
| 100 | 1 | _aSantos, G. de A. | |
| 100 | 1 | _aRossiello, R.O.P. | |
| 245 | 1 | _aEfeito dos acidos aceticos e butirico sobre o crescimento de plantulas de arroz | |
| 650 | _aArroz | ||
| 650 | _aAcidez do Solo | ||
| 650 | _aPH | ||
| 773 | 0 |
_tPesquisa Agropecuaria Brasileira (Brazil) _xISSN 0100-204x _g(Sep 1993), v. 28(9) p. 1011-1018 _wBR9406202 |
|
| 909 |
_a202311 _bLúcia _c55 _dLúcia Elande |
||
| 942 |
_2AGRIS _n0 _cANA |
||
| 999 |
_c139677 _d139677 |
||